Statistics for Taylor Swift - Labyrinth Lyrics

Click here to take the quiz!

General Stats

  • This quiz has been taken 57 times
  • The average score is 199 of 223

Answer Stats

Answer% Correct
a
100%
fallin'
100%
I
100%
I'm
100%
in
100%
love
100%
no
100%
oh
100%
Oh
100%
again
97%
it
97%
It
97%
"It
97%
the
97%
was
97%
Was
97%
how
93%
right
93%
time
93%
You
93%
you
93%
around?
90%
down
90%
goin'
90%
hurts
90%
labyrinth
90%
last
90%
much
90%
now
90%
now"
90%
only
90%
thinkin'
90%
this
90%
thought
90%
what
90%
whole
90%
back
87%
know
87%
my
87%
plane
87%
turn
87%
elevators
83%
Lost
83%
of
83%
to
83%
am
80%
fast
80%
just
80%
Just
80%
me
80%
mind
80%
can't
77%
feels
77%
hate
77%
I'll
77%
life
77%
scared
77%
Uh
77%
be
73%
bounce
73%
gettin'
73%
How'd
73%
like
73%
that
73%
That
73%
Breathe
70%
breathe
70%
everybody
70%
expects
70%
Never
70%
out
70%
over
70%
through
70%
up
70%
would
70%
break
67%
Break
67%
deep
67%
your
67%
smile
63%
trust
63%
if
60%
make
60%
rises
57%
free
53%
raw
47%

Score Distribution

Percentile by Number Answered

Percent of People with Each Score

Your Score History

You have not taken this quiz